000 00529nam a2200169 i 4500
001 bg
100 1 _aBIJAK-ŻOCHOWSKI, Marek
245 0 _aNieniszczące metody badania naprężeń własnych /
_cMarek Bijak-Żachowski.
260 _aWarszawa,
_c1978.
490 1 _aPrace Naukowe Politechniki Warszawskiej. Mechanika ;
_v54
830 0 _aPrace Naukowe - Politechnika Warszawska.
_pMechanika ;
_v54
040 _cBPK
041 _apol
080 _a620.179:539.3/.6
942 _cKS
008 s pl f |000 0 pol
999 _c18765
_d18765
856 _uhttp://koha.tu.koszalin.pl/cgi-bin/koha/opac-detail.pl?biblionumber=18765
_yKatalog online BPK